L'inconscient de la maison (Registro nro. 313510)

Detalles MARC
000 -ENCABEZADO
Número de control [NR] 00692 a2200229 4500
005 - FECHA Y HORA DE LA ÚLTIMA TRANSACCIÓN
control field 20190913111429.0
008 - DE LONGITUD FIJA DE DATOS DE ELEMENTOS - INFORMACIÓN GENERAL
Elementos de longitud fija [NR] 190913s2013 fr ||||| |||| 00| 0 fre d
020 ## - NUMERO INTERNACIONAL NORMALIZADO PARA LIBROS [R]
Número Internacional Normalizado del libro [NR] 9782100592289
040 ## - FUENTE DE CATALOGACION [NR]
Agencia de catalogación original [NR] CO-BoUCM
Idioma de catalogación [NR] spa
Quien Cataloga Saul Niño
Quien Clasifica Saul Niño
041 0# - CODIGO DE IDIOMA [R]
Código de idioma para texto/pista de sonido o título separado [R] Francés
100 10 - ASIENTO PRINCIPAL--NOMBRE PERSONAL [NR]
Nombre personal [NR] Eiguer, Alberto
ID Autoridad 98444
245 10 - MENCION DE TITULO [NR]
Título [NR] L'inconscient de la maison
Mención de responsabilidad, etc. [NR] Alberto Eiguer
260 ## - PUBLICACION, DISTRIBUCION, ETC. (PIE DE IMPRENTA) [R]
Lugar de publicación, distribución, etc. [R] Paris
Nombre del editor, distribuidor, etc. [R] Dunod
Fecha de publicación, distribución, etc. [R] 2013
300 ## - DESCRIPCION FISICA [R]
Extensión [R] xi, 178 páginas
490 0# - MENCION DE SERIE [R]
Mención de serie [R] des idées qui marquent
546 ## - NOTA DE IDIOMA [R]
Nota de idioma [NR] Texto en francés
650 #7 - ASIENTO SECUNDARIO DE MATERIA - TERMINO TEMATICO [R]
9 (RLIN) 15547
Término temático o nombre geográfico como elemento de entrada [NR] Familia
650 #7 - ASIENTO SECUNDARIO DE MATERIA - TERMINO TEMATICO [R]
9 (RLIN) 26342
Término temático o nombre geográfico como elemento de entrada [NR] Vivienda
650 #7 - ASIENTO SECUNDARIO DE MATERIA - TERMINO TEMATICO [R]
9 (RLIN) 22797
Término temático o nombre geográfico como elemento de entrada [NR] Psicología ambiental
942 ## - ELEMENTOS DE ENTRADA AGREGADOS (KOHA)
Tipo de ítem principal el descrito en 300a Libro
Sistema de clasificación DEWEY
Tema principal Psicología
Edición 1
Clasificación 155.91
Parte restante de la signatura top. E348l
Existencias
Fecha de último préstamo Total préstamos Signatura topográfica Código de barras Última vez visto Ejemplar Costo de reposición Price effective from Tipo de ítem Perdido Sistema de clasificación Dañado No prestable Tipo de ítem específico Suprimido Ubicación habitual Ubicación actual Localización Fecha de creación Proveedor Forma de adquisición Costo
05/08/2022 2 155.91 E348l 100163652 05/12/2025 Ej.1 121115.00 11/09/2019 Libro   DEWEY     Libro   Claustro Claustro 2do piso 11/09/2019 19 Compra 121115.00